Súčasný stav a ďalšie možnosti zahraničnoobchodnej spolupráce Slovenskej republiky s vybranými rozvojovými krajinami

Bibliographic Details
Main Authors: Michník, Ľubomír, 1932-1999 (Author), Baľáková, Gabriela (Author)
Format: Article
Language:Slovak
ISSN:0013-3035
Subjects:

MARC

LEADER 00000nab a2200000 a 4500
001 vtls000658841
003 SK-MaSNL
005 20260304092310.0
008 250425c1997 xo 0 slo
015 |a SNBRB1998/04-11137 
035 |a CLN000011033 
035 |a urn:nbn:sk:snk-ab6r8v 
035 |a (uuid)39e2e1a5-dc31-4f00-9930-dd241f46d8a5 
035 |a (urnnbn)urn:nbn:sk:snk:ar-a05gj2 
035 |a (sysno)vtls000658841 
040 |a SNKBUCL  |b slo  |c SNKBUCL  |e AACR2 
041 0 |a slo 
044 |a xo  |c SK 
080 |a 339.56(437.6:5)  |2 1997 
100 1 |a Michník, Ľubomír,  |d 1932-1999  |4 aut  |9 192959 
245 1 0 |a Súčasný stav a ďalšie možnosti zahraničnoobchodnej spolupráce Slovenskej republiky s vybranými rozvojovými krajinami  |c Ľubomír Michník, Gabriela Baľáková 
504 |a Res. angl. Bibliogr. odkazy 
650 0 7 |a obchod zahraničný  |z Slovensko  |z Ázia juhovýchodná  |2 snkbucl  |9 1385900 
655 7 |a články z novín a časopisov  |2 snkbucl  |9 267496 
700 1 |a Baľáková, Gabriela  |4 aut  |9 526062 
773 0 |t Ekonomický časopis  |g Roč. 45, č. 11 (1997), s. 899-918  |x 0013-3035 
850 |a Slovenská národná knižnica 
852 |a Slovenská národná knižnica 
954 |a odborná, vedecká literatúra pôvodná (slovenská)  |2 lita 
958 |a article27 
958 |a NB 
958 |a SK 
958 |a OND 
958 |a EUIPO 
992 |a RBX 
999 |c 2818620  |d 2820550